| 000 | 00422cam a2200181ua 4500 | ||
|---|---|---|---|
| 020 | _c1.75 | ||
| 041 |
_amal _h |
||
| 082 |
_a894.8122 _bKOO/KA |
||
| 100 | _aKoottukadu, K C . | ||
| 245 |
_aKanal jalam / _cK C Koottukadu. _hTextual Documents |
||
| 250 |
_a1 / _b. |
||
| 260 |
_aThrissur : _bCurrent Books , _c1966. |
||
| 300 | _a136 ; . | ||
| 365 | _a1.75 | ||
| 504 | _a | ||
| 942 | _cBK | ||
| 999 |
_c6592 _d6592 |
||